000 00516nam a22001937a 4500
003 MPLRDC
005 20220104114442.0
008 210129b ||||| |||| 00| 0 eng d
020 _a957-32-5050-0
082 _a857.62 CHR-9 v.59
100 _aAGATHA CHRISTIE
245 _a颤刺的预兆
_c张锦 译
250 _a初版
260 _a台湾
_b远流出版事业股份有限公司
_c2003
300 _b293
490 _a克莉丝蒂推理全集. 59
650 _a推理小说
942 _cBK
_o857.62 CHR-9 v.59
999 _c7582
_d7572